000 01356nam a22003737a 4500
003 CHAP
005 20220329142744.0
008 030605d1999 mx ad r 00110 spa d
010 _a87311
011 _a88283
020 _a968884554X
035 _a98828
040 _cCHAP
090 _aFolleto 16595
100 0 0 _aPérez Pérez, Juan Ramón.
_989930
245 1 0 _aGuía práctica para identificar las deficiencias nutricionales del café
_c/por Juan Ramón Pérez Pérez y Esteban Escamilla Prado
260 _aChapingo, Méx. :
_bUACH. Centro Regional Universitario Oriente,
_c1999
300 _a36 p. :
_bilus. ; cuadro
590 _aBATCH-UPD
_b10
_c20130110
_lUCH01
_h0701
590 _aBATCH-UPD
_b10
_c20130410
_lUCH01
_h0346
590 _aBATCH-UPD
_b10
_c20130914
_lUCH01
_h0808
590 _aCONVERSION
_b10
_c20130109
_lUCH01
_h1348
650 1 4 _aCafé
_xAnálisis.
_917089
650 1 4 _aCafé
_xElementos minerales.
_917134
650 1 4 _aCafé
_xEnfermedades.
_917136
650 1 4 _aPlantas
_xDeficiencias nutritivas.
_988812
650 1 4 _aPlantas
_xNutrición.
_988874
700 0 _aEscamilla Prado, Esteban.
_937449
901 _aBK
905 _aMarco A. Mendoza T.
942 _cFOLL
949 _aFolleto 16595
_bBC
_cFOLL
_d33724002003058
_eTS1
_i98828
_sb
949 _aFolleto 16595
_bBC
_cFOLL
_d33724002305066
_eTS2
_fc.2
_gDonaciØn
_i98828
_sb
999 _c87311
_d87311